00285nam a22000857a 4500008004100000040005500041080001900096245003200115260005200147230626b |||||||| |||| 00| 0 eng d aNational Science LibrarycNational Science Library aR 030(100)bQ0 aGuinness world records 2011 aParis: bGuinness World Records Limited, c2010